ՀՀ Գիտությունների ազգային ակադեմիայի հիմնարար գիտական գրադարան  =   Fundamental Scientific Library of NAS RA

Աստվածասեր մարդը ։ (Record no. 447162)

MARC details
000 -LEADER
fixed length control field 00892nam a2200205 a 4500
003 - CONTROL NUMBER IDENTIFIER
control field AM-YeHGA
040 ## - CATALOGING SOURCE
Original cataloging agency AM-YeHGA
090 ## - LOCALLY ASSIGNED LC-TYPE CALL NUMBER (OCLC); LOCAL CALL NUMBER (RLIN)
-- 450043
005 - DATE AND TIME OF LATEST TRANSACTION
control field 20250618075247.0
008 - FIXED-LENGTH DATA ELEMENTS--GENERAL INFORMATION
fixed length control field 191126s2018 ai ||o||r|||| 00| 0 arm||
041 0# - LANGUAGE CODE
Language code of text/sound track or separate title arm
100 1# - MAIN ENTRY--PERSONAL NAME
Personal name Հակոբյան, Հովսեփ ավագ քահանա
9 (RLIN) 404
245 10 - TITLE STATEMENT
Title Աստվածասեր մարդը ։
Remainder of title [Քարոզներ] /
Statement of responsibility, etc. Հ․ Հակոբյան ; Առաջաբան՝ Սարիբեկյան, Զաքարիա քհն․
260 ## - PUBLICATION, DISTRIBUTION, ETC.
Place of publication, distribution, etc. Սբ․ Էջմիածին ։
Name of publisher, distributor, etc. Մայր Աթոռ Սբ․ Էջմիածնի հրատ.,
Date of publication, distribution, etc. 2018.
300 ## - PHYSICAL DESCRIPTION
Extent 310 էջ ։
Other physical details գունավոր լուսանկար ;
Dimensions 20 սմ․
500 ## - GENERAL NOTE
General note Գրքի կողքի ձևավորումը՝ Մաշտոց Ջոբանեանի
650 14 - SUBJECT ADDED ENTRY--TOPICAL TERM
Topical term or geographic name entry element Քարոզներ
9 (RLIN) 4631
700 1# - ADDED ENTRY--PERSONAL NAME
Personal name Սարիբեկյան, Զաքարիա քհն․
Relator term առաջաբան
Relationship aui
942 ## - ADDED ENTRY ELEMENTS (KOHA)
Source of classification or shelving scheme Universal Decimal Classification
Koha item type Գրքեր / Books
Holdings
Withdrawn status Lost status Source of classification or shelving scheme Damaged status Not for loan Collection Home library Current library Date acquired Total checkouts Full call number Barcode Date last seen Price effective from Koha item type Public note
    Universal Decimal Classification     General Fundamental Scientific Library Fundamental Scientific Library 14/02/2020   AII/105756 FL0622763 14/02/2020 14/02/2020 Գրքեր / Books 30 Days Loan


ՀՀ ԳԱԱ հիմնարար գիտական գրադարան
ՀՀ,Երևան 0019
Մարշալ Բաղրամյան 24/6
հեռախոս:(374-10) 52-47-50
Հետադարձ կապ

All site content, except where otherwise noted, is licensed under a
Creative Commons License